Statistics for Countries In their Foreign Languages

Click here to take the quiz!

General Stats

  • This quiz has been taken 26 times
  • The average score is 5 of 13

Answer Stats

EnglishForeign% Correct
SpainEspana
96%
BrazilBrasil
72%
GermanyDeutschland
68%
PolandPolska
60%
DenmarkDanmark
56%
EstoniaEesti
44%
SlovakiaSlovensko
36%
LithuaniaLietuva
28%
AzerbaijanAzerbaycan
24%
CzechiaCesko
20%
PhilippinesPilipinas
16%
IrelandEireann
8%
South AfricaSudi-Africa
4%

Score Distribution

Percentile by Number Answered

Percent of People with Each Score

Your Score History

You have not taken this quiz